Materials Handbook (Record no. 60745)

000 -LEADER
fixed length control field 00754nam a22002057a 4500
003 - CONTROL NUMBER IDENTIFIER
control field NUST-PNEC
005 - DATE AND TIME OF LATEST TRANSACTION
control field 20170116180706.0
008 - FIXED-LENGTH DATA ELEMENTS--GENERAL INFORMATION
fixed length control field 140925b xxu||||| |||| 00| 0 eng d
020 ## - INTERNATIONAL STANDARD BOOK NUMBER
International Standard Book Number 007136076X
040 ## - CATALOGING SOURCE
Transcribing agency PNEC
082 ## - DEWEY DECIMAL CLASSIFICATION NUMBER
Classification number 620.11 BRA
100 ## - MAIN ENTRY--PERSONAL NAME
9 (RLIN) 363
Personal name Brady, George S.
245 ## - TITLE STATEMENT
Title Materials Handbook
Remainder of title An Encyclopedia for Managers Purchasing and Production Managers, Technicians, and Supervisors
Statement of responsibility, etc. George S. Brady
250 ## - EDITION STATEMENT
Edition statement 15 ed.
260 ## - PUBLICATION, DISTRIBUTION, ETC.
Place of publication, distribution, etc. New York
Name of publisher, distributor, etc. McGraw-Hill Companies
Date of publication, distribution, etc. c2002.
300 ## - PHYSICAL DESCRIPTION
Extent vii, 1244 p. :
Other physical details ill. :
Dimensions 24 cm.
500 ## - GENERAL NOTE
General note Includes Index http://www.amazon.com/Materials-Handbook-George-S-Brady/dp/007136076X/ref=sr_1_1?s=books&ie=UTF8&qid=1411632528&sr=1-1&keywords=007136076X
650 ## - SUBJECT ADDED ENTRY--TOPICAL TERM
General subdivision ME
942 ## - ADDED ENTRY ELEMENTS (KOHA)
Source of classification or shelving scheme
Koha item type Book
Holdings
Withdrawn status Lost status Source of classification or shelving scheme Damaged status Not for loan Permanent Location Current Location Shelving location Date acquired Source of acquisition Cost, normal purchase price Total Checkouts Full call number Barcode Date last seen Cost, replacement price Price effective from Koha item type
          Pakistan Navy Engineering College (PNEC) Pakistan Navy Engineering College (PNEC) Reference 05/13/2013 Paramount Publisher 6964.54   620.11 BRA PNECLIB-025919 09/25/2014 6964.54 05/13/2013 Book
© 2023 Central Library, National University of Sciences and Technology. All Rights Reserved.